Global stakes : The future of high technology in America

Gespeichert in:
Bibliographische Detailangaben
1. Verfasser: Botkin, James
Format: Buch
Sprache:Undetermined
Veröffentlicht: Cambridge Ballinger Publishing Company 1982
Schlagworte:
Tags: Tag hinzufügen
Keine Tags, Fügen Sie den ersten Tag hinzu!
Thư viện lưu trữ: Trung tâm Học liệu Trường Đại học Cần Thơ
LEADER 00583nam a2200205Ia 4500
001 CTU_77690
008 210402s9999 xx 000 0 und d
082 |a 338.4 
082 |b B749 
100 |a Botkin, James 
245 0 |a Global stakes : 
245 4 |b The future of high technology in America 
245 0 |c James Botkin 
260 |a Cambridge 
260 |b Ballinger Publishing Company 
260 |c 1982 
650 |a High technology,Technical education 
650 |x Government policy 
650 |z United States 
980 |a Trung tâm Học liệu Trường Đại học Cần Thơ